Ashta Del (Record no. 16808)

MARC details
000 -LEADER
fixed length control field 00430nam a2200145Ia 4500
008 - FIXED-LENGTH DATA ELEMENTS--GENERAL INFORMATION
fixed length control field 211109s9999||||xx |||||||||||||| ||und||
082 ## - DEWEY DECIMAL CLASSIFICATION NUMBER
Classification number 891.43
Item number SAS.S
100 ## - MAIN ENTRY--PERSONAL NAME
Personal name Sastri, P R S
245 #0 - TITLE STATEMENT
Title Ashta Del
260 ## - PUBLICATION, DISTRIBUTION, ETC.
Name of publisher, distributor, etc. Bamsuri Books
Place of publication, distribution, etc. Aluva
Date of publication, distribution, etc. 1991
300 ## - PHYSICAL DESCRIPTION
Extent 102p.
630 ## - SUBJECT ADDED ENTRY--UNIFORM TITLE
General subdivision General Stack
650 ## - SUBJECT ADDED ENTRY--TOPICAL TERM
Topical term or geographic name entry element LITERATURE & RHETORIC
942 ## - ADDED ENTRY ELEMENTS (KOHA)
Koha item type BOOK
650 ## - SUBJECT ADDED ENTRY--TOPICAL TERM
Form subdivision LITERATURES OFOTHER LANGUAGESEAST INDO-EUROPEAN & CELTIC LITERATURES
General subdivision Generalia
Holdings
Withdrawn status Lost status Source of classification or shelving scheme Damaged status Not for loan Home library Current library Date acquired Cost, normal purchase price Full call number Barcode Shelving location Date last seen Price effective from Koha item type
    Dewey Decimal Classification     SB LIBRARY SB LIBRARY 09/11/2021 100.00 891.433 SAS-S 00017442 GENERAL STACK 09/11/2021 09/11/2021 BOOK

Powered by Koha